Sociometry journal of research in social psychology

Na minha lista:
Detalhes bibliográficos
Formato: Periódico
Idioma:inglês
Publicado em: Washington American Sociological Association 1974
Tags: Adicionar Tag
Sem tags, seja o primeiro a adicionar uma tag!

MARC

LEADER 00000nas2a2200000$$$4500
001 0020279
005 20250730114407.7
041 0 |a eng 
044 |a US 
245 1 0 |a Sociometry  |b journal of research in social psychology 
264 1 |a Washington  |b American Sociological Association  |c 1974 
300 |a 1 zv. 
773 0 |w eu_un_cat*0019973